[Event "Targo Mures Open 2019"]
[Site "Targo Mures"]
[Date "2019.10.20"]
[Round "7.1"]
[White "Manolache, Marius"]
[Black "Istratescu, Andrei"]
[Result "1/2-1/2"]
[WhiteElo "2548"]
[BlackElo "2564"]
[Annotator "ChessBase"]
[PlyCount "78"]
[EventDate "2019.03.02"]
[EventType "swiss"]
[EventCountry "ROU"]
[SourceTitle "playchess.com"]
[Source "ChessBase"]
[SourceQuality "1"]
[TimeControl "5400+30"]

1. d4 {[%emt 0:00:00]} Nf6 {[%emt 0:01:55]} 2. Nf3 {[%emt 0:00:00]} e6 {[%emt 0:01:27]} 3. e3 {[%emt 0:00:00]} b6 {[%emt 0:06:31]} 4. b3 {[%emt 0:01:01]} Bb7 {[%emt 0:01:09]} 5. Bb2 {[%emt 0:00:28]} c5 {[%emt 0:03:02]} 6. Be2 {[%emt 0:02:23]} cxd4 {[%emt 0:01:14]} 7. exd4 {[%emt 0:00:08]} Be7 {[%emt 0:00:12]} 8. O-O {[%emt 0:00:13]} O-O {[%emt 0:00:05]} 9. c4 {[%emt 0:01:29]} d5 {[%emt 0:01:30]} 10. Nc3 {[%emt 0:00:23]} Nbd7 {[%emt 0:02:07]} 11. Rc1 {[%emt 0:10:21]} Rc8 {[%emt 0:00:36]} 12. cxd5 {[%emt 0:08:21]} Nxd5 {[%emt 0:00:21]} 13. Nxd5 {[%emt 0:00:05]} Bxd5 {[%emt 0:00:07]} 14. Bc4 {[%emt 0:00:14]} Nf6 {[%emt 0:01:16]} 15. Qe2 {[%emt 0:01:09]} Bd6 {[%emt 0:04:23]} 16. Ne5 {[%emt 0:01:54]} Qe7 {[%emt 0:02:05]} 17. h3 {[%emt 0:08:05]} Rc7 {[%emt 0:08:06]} 18. Ba6 {[%emt 0:00:24]} Bb7 {[%emt 0:05:23]} 19. Rxc7 {[%emt 0:01:43]} Qxc7 {[%emt 0:01:08]} 20. Rc1 {[%emt 0:00:07]} Qb8 {[%emt 0:00:45]} 21. Qb5 {[%emt 0:16:00]} Rc8 {[%emt 0:07:59]} 22. Rxc8+ {[%emt 0:12:24]} Qxc8 {[%emt 0:00:10]} 23. Bxb7 {[%emt 0:00:11]} Qxb7 {[%emt 0:00:02]} 24. Ng4 {[%emt 0:00:30]} Qe4 {[%emt 0:01:54]} 25. Nxf6+ {[%emt 0:02:54]} gxf6 {[%emt 0:04:40]} 26. Qf1 {[%emt 0:00:07]} Qf4 {[%emt 0:07:41]} 27. g3 {[%emt 0:00:05]} Qf3 {[%emt 0:00:03]} 28. Qe1 {[%emt 0:00:49]} h5 {[%emt 0:04:08]} 29. Qc3 {[%emt 0:03:40]} Qxc3 {[%emt 0:01:33]} 30. Bxc3 {[%emt 0:00:06]} f5 {[%emt 0:00:02]} 31. Kg2 {[%emt 0:02:14]} Kf8 {[%emt 0:01:12]} 32. f3 {[%emt 0:00:23]} Ke7 {[%emt 0:00:51]} 33. g4 {[%emt 0:00:29]} hxg4 {[%emt 0:04:11]} 34. fxg4 {[%emt 0:00:28]} fxg4 {[%emt 0:04:37]} 35. hxg4 {[%emt 0:00:05]} Kd7 {[%emt 0:00:33]} 36. Kf3 {[%emt 0:00:11]} Kc6 {[%emt 0:00:02]} 37. Ke4 {[%emt 0:00:06]} b5 {[%emt 0:00:21]} 38. g5 {[%emt 0:01:19]} a6 {[%emt 0:02:04]} 39. Bd2 {[%emt 0:00:09]} Bg3 {[%emt 0:03:12]} 1/2-1/2

[Event "Targo Mures Open 2019"]
[Site "Targo Mures"]
[Date "2019.10.20"]
[Round "7.2"]
[White "Manea, Alexandru"]
[Black "Jianu, Vlad-Cristian"]
[Result "0-1"]
[WhiteElo "2305"]
[BlackElo "2529"]
[Annotator "ChessBase"]
[PlyCount "68"]
[EventDate "2019.03.02"]
[EventType "swiss"]
[EventCountry "ROU"]
[SourceTitle "playchess.com"]
[Source "ChessBase"]
[SourceQuality "1"]
[TimeControl "5400+30"]

1. d4 {[%emt 0:05:19]} Nf6 {[%emt 0:00:00]} 2. Nf3 {[%emt 0:00:12]} e6 {[%emt 0:00:00]} 3. g3 {[%emt 0:00:18]} d5 {[%emt 0:02:16]} 4. Bg2 {[%emt 0:00:34]} Be7 {[%emt 0:02:35]} 5. O-O {[%emt 0:00:08]} O-O {[%emt 0:00:34]} 6. b3 {[%emt 0:00:05]} b6 {[%emt 0:01:52]} 7. Bb2 {[%emt 0:00:16]} Bb7 {[%emt 0:00:07]} 8. Nbd2 {[%emt 0:00:25]} Nbd7 {[%emt 0:01:40]} 9. c4 {[%emt 0:00:06]} c5 {[%emt 0:01:20]} 10. Rc1 {[%emt 0:00:12]} Rc8 {[%emt 0:02:18]} 11. Qc2 {[%emt 0:13:30]} dxc4 {[%emt 0:17:22]} 12. Qxc4 {[%emt 0:00:31]} cxd4 {[%emt 0:01:24]} 13. Qxd4 {[%emt 0:00:08]} Bc5 {[%emt 0:00:13]} 14. Qh4 {[%emt 0:00:17]} Nd5 {[%emt 0:07:54]} 15. Qxd8 {[%emt 0:04:02]} Rfxd8 {[%emt 0:00:06]} 16. Nc4 {[%emt 0:00:04]} Be7 {[%emt 0:07:01]} 17. Nd4 {[%emt 0:12:01]} Nc5 {[%emt 0:02:12]} 18. Nb5 {[%emt 0:02:53]} Ba6 {[%emt 0:02:56]} 19. Nc3 {[%emt 0:05:51]} Bxc4 {[%emt 0:06:01]} 20. bxc4 {[%emt 0:00:01]} Nxc3 {[%emt 0:00:09]} 21. Bxc3 {[%emt 0:00:02]} Na4 {[%emt 0:00:26]} 22. Ba1 {[%emt 0:05:10]} Rd2 {[%emt 0:05:11]} 23. Bf3 {[%emt 0:00:07]} Rxa2 {[%emt 0:10:42]} 24. Rfd1 {[%emt 0:00:37]} Bf6 {[%emt 0:05:43]} 25. Bd4 {[%emt 0:12:14]} Bxd4 {[%emt 0:03:42]} 26. Rxd4 {[%emt 0:00:02]} g6 {[%emt 0:00:19]} 27. Kf1 {[%emt 0:02:14]} Kg7 {[%emt 0:00:25]} 28. h4 {[%emt 0:00:05]} b5 {[%emt 0:02:19]} 29. Rb1 {[%emt 0:00:33]} Rxc4 {[%emt 0:01:46]} 30. Rxc4 {[%emt 0:00:26]} bxc4 {[%emt 0:00:04]} 31. Rc1 {[%emt 0:00:19]} Nb6 {[%emt 0:00:47]} 32. e3 {[%emt 0:00:04]} Kf6 {[%emt 0:00:53]} 33. Be2 {[%emt 0:00:07]} Ra5 {[%emt 0:00:19]} 34. Ke1 {[%emt 0:00:24]} Ke5 {[%emt 0:00:59]} 0-1

[Event "Targo Mures Open 2019"]
[Site "Targo Mures"]
[Date "2019.10.20"]
[Round "7.3"]
[White "Anton, Teodor"]
[Black "Petre, Nad-Titus"]
[Result "1-0"]
[WhiteElo "2445"]
[BlackElo "2306"]
[Annotator "TA"]
[PlyCount "121"]
[EventDate "2019.03.02"]
[EventType "swiss"]
[EventCountry "ROU"]
[SourceTitle "playchess.com"]
[Source "ChessBase"]
[SourceQuality "1"]

{[%evp 14,121,65,15,44,5,14,8,10,14,15,16,30,29,25,13,32,19,31,11,8,14,22,7,9,5,3,1,1,4,8,0,5,0,7,0,0,-5,0,-2,-3,-3,-6,-6,-4,-4,-6,-7,-10,-9,0,0,0,0,15,20,22,21,22,20,24,18,24,9,16,0,0,0,39,2,30,4,51,51,54,53,63,63,99,56,125,125,155,124,396,181,181,180,541,643,645,636,554,0,548,539,539,-155,527,507,540,530,516,537,537,494,1099,1093,1614,1601]} 1. d4 Nf6 2. Nf3 d6 3. Nc3 g6 4. e4 Bg7 5. h3 c6 6. Be3 O-O 7. a4 a5 8. Bc4 d5 {B08: Pirc Defence: Classical System} 9. Bd3 (9. exd5 cxd5 10. Bb3 Nc6 11. O-O e6 12. Bf4 Ne4 13. Nb5 Bd7 14. Qc1 Rc8 15. c3 f6 16. h4 {½-½ (54) Zhang,X (2340)-Tan,Z (2436) Xinghua Jiangsu 2009}) 9... dxe4 10. Nxe4 Nxe4 {The position is equal.} 11. Bxe4 Be6 12. O-O Bd5 $146 ({Predecessor:} 12... Na6 13. Qe2 Bd5 14. Bg5 Re8 15. Rfe1 Qc7 16. c3 {½-½ (54) Landra,A (1923)-Breton,A (1604) Parana 2017}) 13. Bxd5 cxd5 14. Re1 Nd7 15. Bg5 Re8 16. Qe2 {[%cal Rg5e7]} Qc7 17. Qb5 e6 18. c3 Qc6 19. Qb3 Bf8 20. Bf4 Bd6 21. Bxd6 Qxd6 22. Re3 Qb6 23. Qa3 Qc6 24. Rae1 Ra6 25. Qb3 Rb8 26. Qa3 Qd6 27. Qxd6 Rxd6 28. Ra1 b5 29. axb5 Rxb5 30. Re2 Rdb6 31. Ra2 f6 32. Ne1 e5 33. dxe5 fxe5 34. Nf3 e4 35. Nd4 Rc5 36. f3 Nf6 37. fxe4 Nxe4 38. Ra1 h5 39. Rd1 Kh7 40. Kh2 h4 41. Rf1 Kh6 42. Rf8 a4 43. Rh8+ Kg7 44. Ra8 Rc4 45. Ra5 Rd6 46. Re3 Rd7 (46... Kh6 $14) 47. Rf3 $1 $16 Rb7 48. Rxd5 Rxb2 $2 {[%mdl 8192] [#]} (48... a3 $16 {keeps fighting.} 49. Ne6+ (49. bxa3 Re7 $16) 49... Kh6 50. bxa3 Re7) 49. Ne6+ (49. Rf4 $142 $1 {[%mdl 512] Ne6+ would kill now.} Rxd4 50. Rxd4 Nxc3 51. Rd7+ Kh6 52. Rd3) 49... Kh6 $18 {[#]} 50. Rd8 $1 {[%cal Rd8h8]} g5 $2 (50... Rb7 {is more resistant.}) 51. Rh8+ Kg6 52. Rg8+ Kh6 53. Rh8+ Kg6 {[#]} 54. Nf8+ $1 Kg7 55. Rh7+ Kg8 {White must now prevent ...g4.} 56. Rff7 {White threatens Rhg7+ and mate.White is clearly winning.} Rc6 57. Rhg7+ Kh8 58. Ng6+ Rxg6 59. Rxg6 {aiming for Re6.} Nd2 (59... Rb8 $142 60. Ra7 Ng3) 60. Rxg5 a3 61. Rf4 {Accuracy: White = 56%, Black = 44%.} 1-0

[Event "Targo Mures Open 2019"]
[Site "Targo Mures"]
[Date "2019.10.20"]
[Round "7.4"]
[White "Filip, Lucian-Ioan"]
[Black "Filip, Andrei"]
[Result "1-0"]
[WhiteElo "2418"]
[BlackElo "2047"]
[Annotator "NA RC"]
[PlyCount "47"]
[EventDate "2019.03.02"]
[EventType "swiss"]
[EventCountry "ROU"]
[SourceTitle "playchess.com"]
[Source "ChessBase"]
[SourceQuality "1"]
[TimeControl "5400+30"]

1. d4 {[%emt 0:00:00]} Nf6 {[%emt 0:00:00]} 2. c4 {[%emt 0:00:00]} c5 {[%emt 0:00:00]} 3. d5 {[%emt 0:00:20]} b5 {[%emt 0:00:33]} 4. cxb5 {[%emt 0:00:07]} a6 {[%emt 0:00:04]} 5. bxa6 {[%emt 0:00:06]} d6 {[%emt 0:00:46]} 6. e4 {[%emt 0:18:00]} g6 {[%emt 0:04:10]} 7. Nc3 {[%emt 0:00:36]} Bg7 {[%emt 0:01:24]} 8. Nf3 {[%emt 0:03:16]} O-O {[%emt 0:00:15]} 9. a4 {[%emt 0:00:09]} Bxa6 {[%emt 0:01:39]} 10. Bxa6 {[%emt 0:00:10]} Nxa6 {[%emt 0:00:23]} 11. O-O {[%emt 0:00:10]} Nb4 {[%emt 0:02:12]} 12. Qe2 {[%emt 0:11:20]} Qa5 {[%emt 0:05:54]} 13. Nb5 {[%emt 0:23:37]} Nd7 {[%emt 0:08:13]} 14. Bd2 $16 {[%emt 0:02:28]} Rfb8 {[%emt 0:36:08]} 15. Bc3 {[%emt 0:03:06]} Nb6 {[%emt 0:11:31]} 16. Bxg7 {[%emt 0:04:43]} Kxg7 {[%emt 0:00:02]} 17. b3 {[%emt 0:01:02]} Rc8 {[%emt 0:04:10]} 18. Rfc1 {[%emt 0:04:29]} Na6 {[%emt 0:02:29]} 19. e5 {[%emt 0:16:57]} Nxd5 {[%emt 0:10:32]} 20. exd6 {[%emt 0:00:08]} exd6 {[%emt 0:02:22]} 21. Nxd6 {[%emt 0:00:12]} Rf8 {[%emt 0:03:31]} 22. Qe5+ {[%emt 0:02:15]} Nf6 {[%emt 0:00:10]} 23. Ng5 {[%emt 0:06:34]} Qd2 {[%emt 0:03:46]} 24. Rd1 {[%emt 0:01:04]} 1-0

[Event "Targo Mures Open 2019"]
[Site "Targo Mures"]
[Date "2019.10.20"]
[Round "7.5"]
[White "Rusan, Paul-Cristian"]
[Black "Vasiesiu, Dan"]
[Result "1/2-1/2"]
[WhiteElo "2105"]
[BlackElo "2392"]
[Annotator "NA"]
[PlyCount "52"]
[EventDate "2019.03.02"]
[EventType "swiss"]
[EventCountry "ROU"]
[SourceTitle "playchess.com"]
[Source "ChessBase"]
[SourceQuality "1"]
[TimeControl "5400+30"]

1. e4 {[%emt 0:00:00]} c5 {[%emt 0:00:00]} 2. Nf3 {[%emt 0:00:00]} d6 {[%emt 0:00:18]} 3. d4 {[%emt 0:01:06]} cxd4 {[%emt 0:00:10]} 4. Nxd4 {[%emt 0:01:08]} Nf6 {[%emt 0:00:12]} 5. Nc3 {[%emt 0:00:06]} a6 {[%emt 0:00:11]} 6. h3 {[%emt 0:00:45]} e6 {[%emt 0:01:26]} 7. g4 {[%emt 0:00:19]} Nfd7 {[%emt 0:00:20] B81: Sicilian Scheveningen: Keres Attack} (7... h6 8. Bg2 Be7 9. Qd3 Nc6 10. Nxc6 bxc6 11. e5 Nd5 12. exd6 Bxd6 13. Ne4 Bc7 14. c4 Nf4 15. Qxd8+ Kxd8 16. Kf1 {½-½ (45) Nepomniachtchi,I (2775)-Wojtaszek,R (2737) Dortmund 2019}) 8. Bg2 {[%emt 0:02:26]} Be7 {[%emt 0:00:37]} 9. O-O {[%emt 0:01:50]} Nc6 {[%emt 0:02:16]} 10. Kh1 {[%emt 0:06:44]} O-O {[%emt 0:01:41]} 11. f4 {[%emt 0:00:38]} Nxd4 {[%emt 0:07:33]} 12. Qxd4 {[%emt 0:00:11]} b5 {[%emt 0:05:24]} 13. a4 $146 {[%emt 0:03:43]} ({Predecessor:} 13. Ne2 Qc7 14. Ng3 Bf6 15. Qe3 Bb7 16. g5 {1-0 (28) Argote Heredia,V (1944)-Encina,G (1732) Montevideo 2017}) 13... bxa4 {[%emt 0:02:23]} 14. Nxa4 {[%emt 0:01:31]} Bb7 {[%emt 0:01:33]} 15. c4 {[%emt 0:05:51]} Rc8 {[%emt 0:00:29]} 16. Be3 {[%emt 0:04:23]} e5 {[%emt 0:14:45]} 17. Qd3 {[%emt 0:03:48]} exf4 {[%emt 0:06:21]} 18. Bxf4 {[%emt 0:00:54]} Ne5 {[%emt 0:01:06]} 19. Bxe5 {[%emt 0:03:21]} dxe5 {[%emt 0:00:13]} 20. Rfd1 {[%emt 0:04:17]} Qxd3 {[%emt 0:20:41]} 21. Rxd3 {[%emt 0:00:07]} Rb8 $11 {[%emt 0:02:59]} 22. b3 {[%emt 0:25:59]} Bc8 {[%emt 0:12:06]} 23. Rb1 {[%emt 0:03:31]} a5 {[%emt 0:11:33]} 24. Rd5 {[%emt 0:03:50]} Be6 {[%emt 0:02:32]} 25. Rxe5 {[%emt 0:02:39]} Bb4 {[%emt 0:00:06]} 26. Nc5 {[%emt 0:01:52]} Bc3 {[%emt 0:01:47]} 1/2-1/2

[Event "Targo Mures Open 2019"]
[Site "Targo Mures"]
[Date "2019.10.20"]
[Round "7.6"]
[White "Banzea, Alexandru-Bogdan"]
[Black "Stegariu, Alexandru"]
[Result "1-0"]
[WhiteElo "2389"]
[BlackElo "2146"]
[Annotator "NA"]
[PlyCount "87"]
[EventDate "2019.03.02"]
[EventType "swiss"]
[EventCountry "ROU"]
[SourceTitle "playchess.com"]
[Source "ChessBase"]
[SourceQuality "1"]
[TimeControl "5400+30"]

1. e4 {[%emt 0:00:00]} e5 {[%emt 0:00:00]} 2. Nf3 {[%emt 0:00:09]} Nc6 {[%emt 0:00:00]} 3. Bb5 {[%emt 0:01:20]} a6 {[%emt 0:00:00]} 4. Ba4 {[%emt 0:00:07]} Nf6 {[%emt 0:00:00]} 5. O-O {[%emt 0:00:22]} b5 {[%emt 0:00:55]} 6. Bb3 {[%emt 0:00:09]} Be7 {[%emt 0:00:03]} 7. Re1 {[%emt 0:02:26]} O-O {[%emt 0:00:18]} 8. a4 {[%emt 0:00:22]} b4 {[%emt 0:02:20]} 9. a5 {[%emt 0:00:19]} d6 {[%emt 0:05:18]} 10. d3 {[%emt 0:00:15]} Na7 {[%emt 0:03:29] C88: Closed Ruy Lopez: Anti-Marshall Systems} (10... Be6 11. Bxe6 fxe6 12. Nbd2 d5 13. Nb3 d4 14. Bd2 Rb8 15. Rc1 Rb5 16. h3 Qd6 17. Bg5 Nd7 18. Bxe7 Qxe7 19. Nfd2 Nc5 20. Nc4 Nb7 21. Ra1 Nd6 22. Ncd2 Nb7 23. Nc4 Nd6 24. Ncd2 Nb7 25. Nc4 {½-½ (25) Vachier Lagrave,M (2773)-Aronian,L (2763) Karlsruhe/Baden Baden 2019}) 11. Nbd2 {[%emt 0:01:15]} c5 {[%emt 0:03:51]} 12. Nc4 {[%emt 0:10:05]} Be6 $146 {[%emt 0:04:10]} ({Predecessor:} 12... Rb8 13. Bg5 Be6 14. Ncd2 Bxb3 15. Nxb3 Nd5 16. Bxe7 Nxe7 17. Nfd2 f5 18. exf5 Nxf5 {1-0 (36) Martins,A (2018)-Salvador,D (1878) Florianopolis 2017}) 13. Nb6 {[%emt 0:07:51]} Bxb3 {[%emt 0:05:55]} 14. Nxa8 {[%emt 0:00:26]} Bxc2 {[%emt 0:00:05]} 15. Qxc2 {[%emt 0:00:09]} Qxa8 {[%emt 0:00:02]} 16. Be3 {[%emt 0:06:04]} Nc6 {[%emt 0:03:44]} 17. Nd2 {[%emt 0:00:18]} Ne8 {[%emt 0:04:12]} 18. g3 {[%emt 0:04:32]} Nc7 {[%emt 0:03:51]} 19. f4 {[%emt 0:06:13]} Nb5 {[%emt 0:12:17]} 20. Nf3 {[%emt 0:02:20]} Bf6 {[%emt 0:01:33]} 21. f5 {[%emt 0:01:35]} Qd8 {[%emt 0:09:24]} 22. g4 {[%emt 0:01:21]} Nbd4 {[%emt 0:01:23]} 23. Bxd4 {[%emt 0:03:22]} exd4 {[%emt 0:01:58]} 24. Kh1 $11 {[%emt 0:02:18]} Bg5 {[%emt 0:05:06]} 25. Qc4 {[%emt 0:01:50]} Nb8 {[%emt 0:04:59]} 26. Qd5 {[%emt 0:02:53]} Bf4 {[%emt 0:02:23]} 27. e5 {[%emt 0:03:00]} dxe5 {[%emt 0:00:43]} 28. Qxd8 {[%emt 0:00:22]} Rxd8 {[%emt 0:00:04]} 29. Nxe5 {[%emt 0:00:07]} Kf8 {[%emt 0:01:38]} 30. Re4 {[%emt 0:01:38]} Be3 {[%emt 0:01:36]} 31. Nc4 {[%emt 0:00:18]} Bg5 {[%emt 0:01:27]} 32. Rae1 {[%emt 0:03:02]} Nc6 {[%emt 0:00:22]} 33. b3 {[%emt 0:03:02]} g6 {[%emt 0:00:53]} 34. fxg6 {[%emt 0:03:29]} hxg6 {[%emt 0:01:18]} 35. Rf1 {[%emt 0:01:46]} Re8 {[%emt 0:02:57]} 36. Rxe8+ {[%emt 0:02:10]} Kxe8 {[%emt 0:00:12]} 37. Kg2 {[%emt 0:00:53]} f6 {[%emt 0:00:36]} 38. Kg3 {[%emt 0:00:53]} Ke7 {[%emt 0:00:04]} 39. h4 {[%emt 0:02:11]} Be3 {[%emt 0:00:05]} 40. Kf3 {[%emt 0:02:04]} Ke6 {[%emt 0:00:22]} 41. Ke4 {[%emt 0:06:27]} Bh6 {[%emt 0:03:49]} 42. g5 {[%emt 0:02:42]} f5+ {[%emt 0:01:02]} 43. Kf4 {[%emt 0:00:44]} Bg7 {[%emt 0:01:50]} 44. Re1+ {[%emt 0:01:48] Bf6} 1-0

[Event "Targo Mures Open 2019"]
[Site "Targo Mures"]
[Date "2019.10.20"]
[Round "7.7"]
[White "Chiriac, Daniel"]
[Black "Ognean, Mihnea-Ionut"]
[Result "0-1"]
[WhiteElo "1836"]
[BlackElo "2285"]
[Annotator "NA"]
[PlyCount "48"]
[EventDate "2019.03.02"]
[EventType "swiss"]
[EventCountry "ROU"]
[SourceTitle "playchess.com"]
[Source "ChessBase"]
[SourceQuality "1"]
[TimeControl "5400+30"]

1. c4 {[%emt 0:00:00]} e5 {[%emt 0:00:00]} 2. Nc3 {[%emt 0:00:00]} Nf6 {[%emt 0:00:00]} 3. g3 {[%emt 0:00:00]} c6 {[%emt 0:00:00]} 4. d4 {[%emt 0:03:28]} exd4 {[%emt 0:00:12]} 5. Qxd4 {[%emt 0:00:06]} d5 {[%emt 0:00:03]} 6. cxd5 {[%emt 0:01:30]} cxd5 {[%emt 0:00:05]} 7. Bg2 {[%emt 0:00:04]} Nc6 {[%emt 0:01:00]} 8. Qd1 {[%emt 0:00:10]} d4 {[%emt 0:02:57]} 9. Ne4 {[%emt 0:00:22]} Bb4+ {[%emt 0:04:40] A23: English Opening: 1...e5 2 Nc3 Nf6 3 g3 c6} 10. Bd2 {[%emt 0:00:15]} O-O {[%emt 0:00:08]} 11. Bxb4 {[%emt 0:05:19]} (11. Nxf6+ Qxf6 12. Nf3 d3 13. O-O dxe2 14. Qxe2 Qxb2 15. Rfb1 Qf6 16. Bxb4 Nxb4 17. Qb2 Qxb2 18. Rxb2 {½-½ (41) Krivtsov,A (2232)-Khanin,S (2485) Voronezh 2018}) 11... Nxb4 {[%emt 0:00:11]} 12. Qd2 $146 {[%emt 0:00:33]} ({Predecessor:} 12. a3 Nc6 13. Nxf6+ Qxf6 14. Nf3 Be6 15. O-O Rad8 16. Qd2 Rfe8 17. Ng5 {0-1 (47) Guliashvili,L (2002)-Avdeenko,T (2108) Novokuznetsk 2013}) 12... Nxe4 {[%emt 0:04:03]} 13. Qxb4 {[%emt 0:07:20]} a5 {[%emt 0:05:46]} 14. Qa3 {[%emt 0:01:57]} Re8 {[%emt 0:00:53]} 15. Rd1 {[%emt 0:01:59]} Qb6 {[%emt 0:06:35]} 16. Qd3 {[%emt 0:12:11]} Qb4+ {[%emt 0:05:58]} 17. Kf1 {[%emt 0:00:08]} Bf5 {[%emt 0:00:06]} 18. Qxd4 {[%emt 0:04:46]} Qe7 {[%emt 0:00:08]} 19. Qe3 {[%emt 0:04:01]} Qc7 {[%emt 0:11:59]} 20. Nh3 {[%emt 0:06:22]} Rad8 {[%emt 0:11:13]} 21. Rxd8 {[%emt 0:05:19]} Qxd8 {[%emt 0:00:51]} ({Weaker is} 21... Rxd8 22. Bxe4 Bxh3+ 23. Ke1 $15) 22. Ke1 $19 {[%emt 0:01:11]} Qd6 {[%emt 0:00:38]} 23. a3 {[%emt 0:08:26]} Rd8 {[%emt 0:00:13]} 24. Qd3 {[%emt 0:00:42]} Qc7 {[%emt 0:01:00]} 0-1

[Event "Targo Mures Open 2019"]
[Site "Targo Mures"]
[Date "2019.10.20"]
[Round "7.8"]
[White "Soltanici, Ruslan"]
[Black "Paraschiv, Petronela-Alexandra"]
[Result "1-0"]
[WhiteElo "2416"]
[BlackElo "1829"]
[Annotator "NA"]
[PlyCount "29"]
[EventDate "2019.03.02"]
[EventType "swiss"]
[EventCountry "ROU"]
[SourceTitle "playchess.com"]
[Source "ChessBase"]
[SourceQuality "1"]
[TimeControl "5400+30"]

1. e4 {[%emt 0:00:00]} d5 {[%emt 0:00:00]} 2. exd5 {[%emt 0:00:01]} Qxd5 {[%emt 0:00:00]} 3. Nc3 {[%emt 0:00:32]} Qa5 {[%emt 0:00:06]} 4. g3 {[%emt 0:01:24]} Nf6 {[%emt 0:00:23]} 5. Bg2 {[%emt 0:00:11]} c6 {[%emt 0:00:12]} 6. Nf3 {[%emt 0:00:12]} Bf5 {[%emt 0:01:06]} 7. b4 {[%emt 0:02:30]} Qc7 {[%emt 0:03:56]} 8. Rb1 {[%emt 0:00:58]} e6 {[%emt 0:01:14]} 9. O-O {[%emt 0:01:36]} Bd6 {[%emt 0:06:41]} 10. b5 {[%emt 0:04:08]} c5 {[%emt 0:03:54]} 11. d3 {[%emt 0:01:29]} O-O {[%emt 0:00:59]} 12. Nd2 {[%emt 0:00:55]} Nbd7 {[%emt 0:08:28]} 13. Nc4 {[%emt 0:00:51]} Rab8 {[%emt 0:00:43]} 14. b6 {[%emt 0:00:45]} Nxb6 {[%emt 0:02:12]} 15. Nb5 {[%emt 0:00:20]} 1-0

[Event "Targo Mures Open 2019"]
[Site "Targo Mures"]
[Date "2019.10.20"]
[Round "7.9"]
[White "Daianu, Cristian-Clement"]
[Black "Botea, David-Alexandru"]
[Result "1-0"]
[WhiteElo "2206"]
[BlackElo "1958"]
[Annotator "NA"]
[PlyCount "75"]
[EventDate "2019.03.02"]
[EventType "swiss"]
[EventCountry "ROU"]
[SourceTitle "playchess.com"]
[Source "ChessBase"]
[SourceQuality "1"]
[TimeControl "5400+30"]

1. e4 {[%emt 0:00:00]} e5 {[%emt 0:00:00]} 2. Nf3 {[%emt 0:00:00]} Nc6 {[%emt 0:00:00]} 3. Bc4 {[%emt 0:00:00]} Nf6 {[%emt 0:00:00]} 4. d3 {[%emt 0:00:13]} Be7 {[%emt 0:00:15]} 5. O-O {[%emt 0:01:22]} O-O {[%emt 0:00:09]} 6. c3 {[%emt 0:01:05]} d5 {[%emt 0:00:28]} 7. exd5 {[%emt 0:00:28]} Nxd5 {[%emt 0:00:03]} 8. Re1 {[%emt 0:03:00]} Bg4 {[%emt 0:00:13] C55: Two Knights: 4 d3, 4 d4 exd4 5 e5 and Max Lange Attack} 9. Nbd2 {[%emt 0:01:31]} Nb6 {[%emt 0:01:28]} 10. Bb5 {[%emt 0:03:08]} f6 {[%emt 0:00:22]} 11. h3 {[%emt 0:02:53]} Bh5 {[%emt 0:04:11]} 12. Ne4 {[%emt 0:05:09]} Qd5 {[%emt 0:06:53]} 13. c4 {[%emt 0:09:29]} (13. Qb3 Bf7 14. Qxd5 Bxd5 15. Be3 Rfd8 16. Ned2 a6 17. Bxc6 Bxc6 18. Bxb6 cxb6 {½-½ (37) Jakubowski,K (2518)-Bobras,P (2488) Katowice 2019}) 13... Qd7 {[%emt 0:00:44]} 14. Nxe5 $146 {[%emt 0:08:16]} ({Predecessor:} 14. c5 Bxf3 15. gxf3 Nd5 16. Qb3 Kh8 17. Kg2 Rfd8 18. Bd2 {½-½ (69) Nunez Miranda,A (2120)-Quevedo Marin,M (2231) Madrid 2016}) 14... Nxe5 {[%emt 0:12:21]} 15. Bxd7 {[%emt 0:01:44]} Bxd1 {[%emt 0:00:02]} 16. Be6+ {[%emt 0:00:07]} Kh8 {[%emt 0:00:09]} 17. Rxd1 {[%emt 0:00:04]} Rad8 {[%emt 0:00:22]} 18. c5 {[%emt 0:08:47]} Nd5 {[%emt 0:05:29]} 19. d4 {[%emt 0:10:38]} Ng6 {[%emt 0:06:27]} 20. Bxd5 {[%emt 0:06:28]} Rxd5 {[%emt 0:00:05]} 21. Nc3 $16 {[%emt 0:00:19]} Rd7 {[%emt 0:00:48]} 22. Be3 {[%emt 0:00:06]} c6 {[%emt 0:00:22]} 23. d5 {[%emt 0:00:14]} cxd5 {[%emt 0:00:13]} 24. Rxd5 {[%emt 0:00:08]} Ne5 {[%emt 0:09:33]} 25. b4 {[%emt 0:06:46]} Rxd5 {[%emt 0:01:08]} 26. Nxd5 {[%emt 0:00:04]} Bd8 {[%emt 0:00:10]} 27. Rc1 {[%emt 0:02:57]} Rf7 {[%emt 0:00:45]} 28. b5 {[%emt 0:02:15]} Rd7 {[%emt 0:00:19]} 29. Nb4 {[%emt 0:01:32]} Ba5 {[%emt 0:01:24]} 30. c6 {[%emt 0:01:27]} bxc6 {[%emt 0:00:33]} 31. Nxc6 {[%emt 0:00:05]} Nxc6 {[%emt 0:01:07]} 32. Rxc6 {[%emt 0:00:10]} Kg8 {[%emt 0:00:26]} 33. Ra6 {[%emt 0:00:12]} Bc7 {[%emt 0:00:08]} 34. Kf1 {[%emt 0:01:56]} Bb8 {[%emt 0:01:13]} 35. b6 {[%emt 0:00:26]} axb6 {[%emt 0:00:06]} 36. Ra8 {[%emt 0:00:03]} Rd8 {[%emt 0:00:20]} 37. Bxb6 {[%emt 0:00:04]} Rf8 {[%emt 0:00:15]} 38. a4 {[%emt 0:00:04]} 1-0